La pobreza multidimensional en la Argentina urbana 2010-2016 (Registro nro. 3868)
[ vista simple ]
| 000 -LEADER | |
|---|---|
| fixed length control field | 01314 a2200265 4500 |
| 001 - CONTROL NUMBER | |
| control field | 44929 |
| 005 - DATE AND TIME OF LATEST TRANSACTION | |
| control field | 20260407155724.0 |
| 008 - FIXED-LENGTH DATA ELEMENTS--GENERAL INFORMATION | |
| fixed length control field | 260407a2017 arg spa d |
| 003 - CONTROL NUMBER IDENTIFIER | |
| control field | AR-UNSa-BCEJYS |
| 040 ## - CATALOGING SOURCE | |
| Original cataloging agency | AR-UNSa-BCEJYS |
| Language of cataloging | spa |
| Transcribing agency | AR-UNSa-BCEJYS |
| 080 ## - UNIVERSAL DECIMAL CLASSIFICATION NUMBER | |
| Universal Decimal Classification number | 338.124 |
| Common auxiliary subdivision | Retroceso de la actividad económica. Contracción económica (Pobreza...) |
| 020 ## - INTERNATIONAL STANDARD BOOK NUMBER | |
| International Standard Book Number | 978-987-620-338-8 |
| 041 ## - LANGUAGE CODE | |
| Language code of text/sound track or separate title | spa |
| 100 1# - MAIN ENTRY--PERSONAL NAME | |
| Personal name | Bonfiglio, Juan Ignacio |
| 245 10 - TITLE STATEMENT | |
| Title | La pobreza multidimensional en la Argentina urbana 2010-2016 |
| Name of part/section of a work | un ejercicio de aplicación de los métodos OPHI y CONEVAL al caso argentino |
| 264 #1 - PRODUCTION, PUBLICATION, DISTRIBUTION, MANUFACTURE, AND COPYRIGHT NOTICE | |
| Place of production, publication, distribution, manufacture | Buenos Aires : |
| Name of producer, publisher, distributor, manufacturer | EDUCA (Editorial de la Universidad Católica Argentina) |
| Date of production, publication, distribution, manufacture, or copyright notice | 2017 |
| 300 ## - PHYSICAL DESCRIPTION | |
| Extent | 63 p. |
| Dimensions | 27 cm. |
| 505 ## - FORMATTED CONTENTS NOTE | |
| Formatted contents note | 1. Presentación ¿Hacia la erradicación de la pobreza? - 2. Resumen de resultados - 3. Dimensiones e indicadores de las mediciones de pobreza multidimensional - 4. Método OPHI, Alkire y Foster (2007) - 5. Método CONEVAL - 6. Reflexiones finales. |
| 590 ## - LOCAL NOTE (RLIN) | |
| Local note | niveau_biblio:m niveau_hierar:0 |
| 700 1# - ADDED ENTRY--PERSONAL NAME | |
| Personal name | Salvia, Agustín |
| 700 1# - ADDED ENTRY--PERSONAL NAME | |
| Personal name | Vera, Julieta |
| 700 1# - ADDED ENTRY--PERSONAL NAME | |
| Personal name | Pontificia Universidad Católica Argentina. Observatorio de la Deuda Social Argentina |
| 856 41 - ELECTRONIC LOCATION AND ACCESS | |
| Uniform Resource Identifier | <a href="https://www.biblioeco.unsa.edu.ar/pmb/images/libros/L127052.jpg">https://www.biblioeco.unsa.edu.ar/pmb/images/libros/L127052.jpg</a> |
| Link text | Imagen de portada |
| Electronic format type | image/jpeg |
| 942 ## - ADDED ENTRY ELEMENTS (KOHA) | |
| Koha item type | |
| Withdrawn status | Lost status | Damaged status | Not for loan | Home library | Current library | Shelving location | Date acquired | Total checkouts | Full call number | Barcode | Date last seen | Price effective from | Koha item type |
|---|---|---|---|---|---|---|---|---|---|---|---|---|---|
| Biblioteca Prof. Eusebio Cleto del Rey | Biblioteca Prof. Eusebio Cleto del Rey | 07/04/2026 | 338.124 S184 | L127052 | 07/04/2026 | 07/04/2026 | Libro |